<?xml version="1.0" encoding="UTF-8"?><record xmlns="http://www.loc.gov/MARC21/slim" xmlns:zs="http://docs.oasis-open.org/ns/search-ws/sruResponse">
  <leader>01043cz  a2200241n  4500</leader>
  <controlfield tag="001">n  85163967 </controlfield>
  <controlfield tag="003">DLC</controlfield>
  <controlfield tag="005">20201021073016.0</controlfield>
  <controlfield tag="008">851206n| acannaabn          |b aaa      </controlfield>
  <datafield ind1=" " ind2=" " tag="010">
    <subfield code="a">n  85163967 </subfield>
  </datafield>
  <datafield ind1=" " ind2=" " tag="035">
    <subfield code="a">(OCoLC)oca01516459</subfield>
  </datafield>
  <datafield ind1=" " ind2=" " tag="040">
    <subfield code="a">DLC</subfield>
    <subfield code="b">eng</subfield>
    <subfield code="c">DLC</subfield>
    <subfield code="d">DLC</subfield>
    <subfield code="d">OCoLC</subfield>
    <subfield code="d">DLC</subfield>
  </datafield>
  <datafield ind1=" " ind2=" " tag="046">
    <subfield code="f">1947-05-09</subfield>
    <subfield code="2">edtf</subfield>
  </datafield>
  <datafield ind1=" " ind2="0" tag="053">
    <subfield code="a">PT2681.I214</subfield>
  </datafield>
  <datafield ind1="1" ind2=" " tag="100">
    <subfield code="a">Sichrovsky, Peter,</subfield>
    <subfield code="d">1947-</subfield>
  </datafield>
  <datafield ind1="1" ind2=" " tag="400">
    <subfield code="a">Zikhrovsḳi, Peṭer,</subfield>
    <subfield code="d">1947-</subfield>
  </datafield>
  <datafield ind1="1" ind2=" " tag="400">
    <subfield code="a">Sichrovski, Peter,</subfield>
    <subfield code="d">1947-</subfield>
  </datafield>
  <datafield ind1="1" ind2=" " tag="400">
    <subfield code="a">זכרובסקי, פטר</subfield>
  </datafield>
  <datafield ind1=" " ind2=" " tag="667">
    <subfield code="a">Machine-derived non-Latin script reference project.</subfield>
  </datafield>
  <datafield ind1=" " ind2=" " tag="667">
    <subfield code="a">Non-Latin script reference not evaluated.</subfield>
  </datafield>
  <datafield ind1=" " ind2=" " tag="670">
    <subfield code="a">His Strangers in their own land, c1986:</subfield>
    <subfield code="b">CIP t.p. (Peter Sichrovsky) data sheet (b. 5/9/47)</subfield>
  </datafield>
  <datafield ind1=" " ind2=" " tag="670">
    <subfield code="a">Schuldig geboren. Hebrew. Noldu ashemim, c1989:</subfield>
    <subfield code="b">t.p. (Peṭer Zikhrovsḳi) t.p. verso, etc. (Peter Sichrovski; b. 1947 in Britain; grew up in Vienna; studied pharmacy, chemistry and philosophy)</subfield>
  </datafield>
  <datafield ind1=" " ind2=" " tag="670">
    <subfield code="a">Verklemmt, c1998:</subfield>
    <subfield code="b">t.p. (Peter Sichrovsky) jkt. (b. 1947; member of European Parliament)</subfield>
  </datafield>
</record>
